000 00223nam a22000857a 4500
008 161104b xxu||||| |||| 00| 0 eng d
100 _91032
_aChatusvedi. s
245 _aIndia and world cricket
260 _aNew Delhi
_bN. B. T
_c2008
999 _c3689
_d3689